000 00379nam a2200145 i 4500
001 bg
100 1 _aBYCZKOWSKI, Józef
245 0 _aMniejszości narodowe w Europie 1945-1974 :
_bwybrane zagadnienia /
_cJózef Byczkowski.
260 _aOpole,
_c1976.
040 _cBPK
041 _apol
080 _a323.1:327.58
942 _cKS
008 s pl f |000 0 pol
999 _c17209
_d17209
856 _uhttp://koha.tu.koszalin.pl/cgi-bin/koha/opac-detail.pl?biblionumber=17209
_yKatalog online BPK